De Hitler a Bush. Opinión desde El Uruguay a Bush. Opinión desde El Uruguay a Bush /
Uloženo v:
| Hlavní autor: | |
|---|---|
| Médium: | Text |
| Témata: | |
| Tagy: |
Přidat tag
Žádné tagy, Buďte první, kdo vytvoří štítek k tomuto záznamu!
|
MARC
| LEADER | 00000 a a2200000 04500 | ||
|---|---|---|---|
| 001 | 18258 | ||
| 003 | |||
| 040 | |||
| 100 | |a Fasano Mertens, Federico | ||
| 245 | |a De Hitler a Bush. Opinión desde El Uruguay a Bush. Opinión desde El Uruguay a Bush / |c Federico Fasano Mertens | ||
| 500 | |a De: Clarín de Buenos Aires | ||
| 650 | |a GUERRA | ||
| 650 | |a IMPERIALISMO | ||
| 650 | |a ANALISIS HISTORICA | ||
| 773 | |g número 95; páginas 121-132 | ||
| 999 | |c 33269 |d 33269 | ||
